|
|
|
|
| LEADER |
00000nab a2200000 a 4500 |
| 001 |
vtls010254508 |
| 003 |
SK-MaSNL |
| 005 |
20260318140107.0 |
| 008 |
14060414c2005 xo o e en |
| 035 |
|
|
|a SVKKK000083198
|
| 038 |
|
|
|a SVKKK
|
| 040 |
|
|
|a SVKKK
|b slo
|c SVKKK
|e AACR2
|
| 041 |
0 |
|
|a eng
|b cze
|b eng
|
| 044 |
|
|
|a xo
|c SK
|
| 080 |
|
|
|a 620.18
|2 1997
|
| 080 |
|
|
|a 621.774.35
|2 1997
|
| 080 |
|
|
|a 669.14.018
|2 1997
|
| 245 |
0 |
0 |
|a Influence of microstructure on sulphide stress cracking of hot rolled tubes
|c J. Sojka ... [et al.]
|
| 300 |
|
|
|b Obr., tab.
|
| 504 |
|
|
|a Bibliogr. odkazy
|
| 504 |
|
|
|a Res. angl., čes.
|
| 650 |
0 |
7 |
|a ocele uhlíkové
|x trhliny sulfidické pod napätím
|x mikroštruktúra
|2 snkbucl
|9 1102400
|
| 650 |
0 |
7 |
|a rúry valcované za tepla
|x životnosť
|2 snkbucl
|9 1102401
|
| 700 |
1 |
|
|a Jerôme, M.
|4 aut
|9 1102402
|
| 700 |
1 |
|
|a Jonšta, P.
|4 aut
|9 1045413
|
| 700 |
1 |
|
|a Rytířová, L.
|4 aut
|9 1102403
|
| 700 |
1 |
|
|a Sojka, J.
|4 aut
|9 356725
|
| 700 |
1 |
|
|a Sozańska, M.
|4 aut
|9 1102404
|
| 773 |
0 |
|
|t Acta metallurgica slovaca
|g Roč. 11, č. 3 (2005), s. 323-330
|x 1335-1532
|
| 852 |
|
|
|a SVKKK
|b BIB
|
| 958 |
|
|
|a NB
|
| 999 |
|
|
|c 1812574
|d 1814504
|